000 00581nam a2200193Ia 4500
008 140626s9999 xx 000 0 und d
100 _aHeerey, E.
245 _aImagining the future :
_bdegraded representations of future rewards and events in Schizophrenia /
_cE. Heerey ... [et al.].
260 _cc2011.
300 _a120 : 2, page 483
440 _aJournal of Abnormal Psychology
521 _aPSYCH
650 _aCognitive function.
650 _aDelay discounting.
650 _aReward.
650 _aSchizophrenia.
650 _aTime perspectives.
942 _cSE
999 _c121299
_d121299